000 00526nam a2200169 i 4500
001 97811
003 ES-MaACL
005 20250823063053.0
007 t|
008 050719s1928 sp ||||1| spa d
100 1 _aEza, Luis Marichalar y Monreal,
_cVizconde de,
_d1873-1945
_976705
245 1 0 _aAnte el anuncio de reforma constitucional /
_cpor el Vizconde de Eza.
260 _aMadrid :
_bTalleres Poligráficos,
_c1928.
300 _a144 p., ;
_c13 cm.
852 _aES-MaACL
_jF-11559
999 _c97811
_d97811